Nuevo diccionario técnico alemán español de las Ciencias Veterinarias / (Record no. 86722)

MARC details
000 -LEADER
campo de control de longitud fija 00680nam a2200193 i 4500
001 - NÚMERO DE CONTROL
campo de control 86722
003 - IDENTIFICADOR DE NÚMERO DE CONTROL
campo de control ES-MaACL
005 - FECHA Y HORA DE LA ÚLTIMA TRANSACCIÓN
campo de control 20230906175518.0
007 - CAMPO FIJO DE DESCRIPCIÓN FÍSICA--INFORMACIÓN GENERAL
campo de control de longitud fija t|
008 - DATOS DE LONGITUD FIJA--INFORMACIÓN GENERAL
campo de control de longitud fija 041215s1958 sp ||||1| spa d
100 1# - ENTRADA PRINCIPAL--NOMBRE DE PERSONA
Nombre de persona Klein Knappe, Federico.
9 (RLIN) 68223
245 10 - MENCIÓN DEL TÍTULO
Título Nuevo diccionario técnico alemán español de las Ciencias Veterinarias /
Mención de responsabilidad, etc. por Federico Klein Knappe.
260 ## - PUBLICACIÓN, DISTRIBUCIÓN, ETC.
Lugar de publicación, distribución, etc. Madrid :
Nombre del editor, distribuidor, etc. [s.n.,
Fecha de publicación, distribución, etc. 1958] (
Fabricante Julio San Martín)
300 ## - DESCRIPCIÓN FÍSICA
Extensión 129 p. ;
Dimensiones 22 cm.
500 ## - NOTA GENERAL
Nota general Precede al tít.: Universidad de Madrid. Facultad de Farmacia.
502 ## - NOTA DE TESIS
Nota de tesis Tesis doctoral.
710 2# - ENTRADA AGREGADA--NOMBRE DE ENTIDAD CORPORATIVA
Nombre de entidad corporativa o nombre de jurisdicción como elemento de entrada Universidad de Madrid.
Unidad subordinada Facultad de Farmacia.
9 (RLIN) 7213
852 ## - LOCALIZACIÓN
Ubicación ES-MaACL
Número de control de estantería C-14683
Sublocalización o colección R.42587
Holdings
Estatus retirado Estado de pérdida Estado de daño No para préstamo Colección Biblioteca de origen Biblioteca actual Ubicación en estantería Fecha de adquisición Fuente de adquisición Total de préstamos Signatura topográfica completa Código de barras Visto por última vez Precio de reemplazo Tipo de ítem Koha
        Colección de referencia Biblioteca del Ateneo de Madrid Biblioteca del Ateneo de Madrid Ficheros 17/01/2008     C-14683 1090613 23/02/2023 23/02/2023 Libro impreso